Co dělat při vzniku mimořádné události /

Korporativní autor: Písek (Česko). Městský úřad
Jazyk: Čeština
Vydáno: Písek : Město Písek, [2003]
Témata:
Fyzický popis: 24 stran : ilustrace ; 21 cm
Knihy
Uloženo v:
LEADER 01261nam a2200349 i 4500
001 001769081
003 CZ BrMZK
005 20201023120254.0
007 ta
008 200917t20032003xr a e f 000 0 cze
040 |a BOA001  |b cze  |e rda 
072 7 |a 35.07  |x Organizace a řízení veřejné správy  |2 Konspekt  |9 15 
080 |a 35.078.7  |2 MRF 
080 |a (437.3)  |2 MRF 
080 |a (035)  |2 MRF 
245 0 0 |a Co dělat při vzniku mimořádné události /  |c zpracoval Městský úřad Písek, Kancelář úřadu, oddělení krizového řízení 
264 1 |a Písek :  |b Město Písek,  |c [2003] 
264 4 |c ©2003 
300 |a 24 stran :  |b ilustrace ;  |c 21 cm 
336 |a text  |b txt  |2 rdacontent 
337 |a bez média  |b n  |2 rdamedia 
338 |a svazek  |b nc  |2 rdacarrier 
500 |a Název z obálky 
500 |a 15000 výtisků 
650 0 7 |a krizové situace  |7 ph121963  |z Česko  |2 czenas 
650 0 7 |a integrovaný záchranný systém  |7 ph121133  |z Česko  |2 czenas 
655 7 |a příručky  |7 fd133209  |2 czenas 
710 1 |a Písek (Česko).  |b Městský úřad  |7 kn20041118008  |4 aut 
910 |a BOA001  |b 2-1453.585 
990 |a BK 
991 |b 202010  |c NOV 
996 6 |b 2610840437  |c 2-1453.585  |l MZK  |r Sklad / do 1 hodiny  |n 0  |p dar  |w 001828852  |u 000010  |a 1  |e BOA001  |j MZK50  |s P